| 000 | 00828nam a2200217Ia 4500 | ||
|---|---|---|---|
| 003 | OSt | ||
| 005 | 20210414091138.0 | ||
| 008 | 210310s2000 nyu gr 000 0 eng d | ||
| 020 | _a18787646433 | ||
| 040 |
_aCO-JMCR _cCO-JMCR |
||
| 041 | 1 | _aeng | |
| 082 | 0 | 4 |
_a657.83506 / _bI527g _223 |
| 110 | 2 |
_aInternational federation of accountants _eautor _936795 |
|
| 245 | 1 | 0 |
_aGovermental financial reporting : _baccounting issues and practices / _cInternational federation of accountants |
| 260 |
_aNew York : _bInternational federation of accountants, _c2000. |
||
| 300 |
_a284 páginas ; _c28 cm. |
||
| 505 | 0 | _aCash basis. -- Accrual basis. -- Measurement bases. -- System of national accounts and government finance statistics | |
| 650 | 1 | 4 |
_aFinanzas _925662 |
| 650 | 2 | 4 |
_aContabilidad Pública _936796 |
| 942 |
_2ddc _cBK |
||
| 999 |
_c11487 _d11487 |
||